Normal view
MARC view
- ادارة الصف-التوجية التربوي-الادارة التعليمية- التدريس
Entry Topical Term
001 - CONTROL NUMBER
- control field: 60035
003 - CONTROL NUMBER IDENTIFIER
- control field: JO-AjAnu
005 - DATE AND TIME OF LATEST TRANSACTION
- control field: 20230606083819.0
008 - FIXED-LENGTH DATA ELEMENTS
- fixed length control field: 230606|| aca||aabn | a|a d
040 ## - CATALOGING SOURCE
- Original cataloging agency: JO-AjAnu
- Transcribing agency: JO-AjAnu
150 ## - HEADING--TOPICAL TERM
- Topical term or geographic name entry element: ادارة الصف-التوجية التربوي-الادارة التعليمية- التدريس
670 ## - SOURCE DATA FOUND
- Source citation: Work cat.: (JO-AjAnu)30614: تالبف Hunt,Gilbet H, Dennis G.Wiseman؛ ترجمة رفعة رافع الزعبي؛ مراجعة محي الدين توق, author 60034, افضل الممارسات في الدافعية والادارة في غرفة الصف=BEST PRACTICE IN MOTIVATION AND MANAGEMENT IN THE CLASSROOM